000 00616cam a22002052 4500
001 0000005033
005 20151217151950.0
008 070605s xx 000 0 eng d
020 _a0761997709 :
_cKES 1,055
040 _aKABU
_cKABU
050 0 _aT174.3
_b.C64
100 1 _aCohen, Goel.
_@0000156094
245 1 0 _aTechnology transfer :
_bstrategic management in developing countries.
260 _aNew Delhi :
_bSage,
_c2004.
300 _a336 p.
650 0 _aTechnology transfer
_zDeveloping countries.
_@0000156095
908 _a070605
950 _@1
999 _c6811
_d6811